000
00221 a2200097 4500
001
15468
100
_a
Hilary Adamson
245
_a
Travellers Guide to Pakistan
260
_a
_b
Asian Study Group
_c
090
_c
12091
_d
12091
942
_a
NUST-CAE
_c
M
_c
2327
999
_c
250541
_d
250541